Statistics for Tolkien's Legendarium

Click here to take the quiz!

General Stats

  • This quiz has been taken 191 times
    (182 since last reset)
  • The average score is 13 of 35

Answer Stats

HintAnswer% Correct
"___ for the Dwarf-lords in their halls of stone,"Seven
87%
"Nine for mortal men doomed to ___,"die
85%
Lord of Balrogs during the First AgeGothmog
84%
Doomsman of the ValarNámo Mandos
80%
"Three rings for the Elven-kings under the ___,"sky
80%
Turgon's Hidden KingdomGondolin
79%
Beren's FatherBarahir
71%
Tom Bombadil's wifeGoldberry
67%
Fifth battle of BeleriandNírnaeth Arnoediad
58%
Innkeeper of The Prancing PonyBarliman Butterbur
55%
Daughter of OrodrethFinduilas Faelivrin
48%
Fourth battle of BeleriandDagor Bragollach
43%
Thranduil's fatherOropher
35%
Pippin's fatherPaladin Took
35%
Sindarin word for silverCeleb
34%
First Ruling Queen of NúmenorTar-Ancalimë
30%
Merry's fatherSaradoc Brandybuck
28%
Wife of Tar-AldarionErendis
27%
One of Túrin's names, meaning 'the Blacksword'Mormegil
27%
Gandalf's name among the dwarvesTharkûn
26%
Older daughter of FinwëFindis
24%
SIndarin name of the Glittering CavesAglarond
21%
Dwarf-king killed in the Nirnaeth ArnoediadAzaghâl
20%
"Hail Eärendil, of mariners most ___"renowned
18%
Quenya name of Ar-PharazônTar-Calion
18%
Father-name of GaladrielArtanis
17%
Elros' firstborn sonVardamir Nólimon
13%
Mother-name of MaedhrosMaitimo
11%
Father of VidumaviVidugavia
11%
Realm of CaranthirThargelion
10%
Realm of Celegorm and CurufinHimlad
7%
Mother-name of CelegormTyelkormo
7%
Quenya word for treeAlda
5%
Gilraen's MotherIvorwen
4%
Another name for Cabed-en-ArasCabed Naeramarth
2%

Score Distribution

Percentile by Number Answered

Percent of People with Each Score

Your Score History

You have not taken this quiz since the last reset